000 00253nam a2200109Ia 4500
008 190216s9999||||xx |||||||||||||| ||und||
100 _aPonkunnan Varkey
245 0 _aNjan Orathikappattanu
260 _bNull
650 _aMalayalam Nadakam
942 _cBK
999 _c23901
_d23901